Pagos por avales o garantías vinculadas a financiaciones del exterior. Tratamiento frente al impuesto a las ganancias (Registro nro. 12977)

Detalles MARC
000 -LEADER
fixed length control field 00395 a2200109 4500
001 - CONTROL NUMBER
control field ART_7597
005 - DATE AND TIME OF LATEST TRANSACTION
control field 20260410161637.0
008 - FIXED-LENGTH DATA ELEMENTS--GENERAL INFORMATION
fixed length control field 260409a
100 1# - MAIN ENTRY--PERSONAL NAME
Personal name Calcagno, Gabriel A
245 10 - TITLE STATEMENT
Title Pagos por avales o garantías vinculadas a financiaciones del exterior. Tratamiento frente al impuesto a las ganancias
773 0# - HOST ITEM ENTRY
Title Consultor tributario
Related parts - Nº 3 (may. 2007)
Record control number REV474

No hay ítems disponibles.